Catálogo
 En Linea

La democracia : (Registro nro. 34192)

Detalles MARC
000 -CABECERA
campo de control de longitud fija 01037nam a2200253 a 4500
001 - NÚMERO DE CONTROL
campo de control 000034701
005 - FECHA Y HORA DE LA ÚLTIMA TRANSACCIÓN
campo de control 20240406073830.0
008 - DATOS DE LONGITUD FIJA--INFORMACIÓN GENERAL
campo de control de longitud fija 111019s1960 sp 000 0 spa d
040 ## - FUENTE DE LA CATALOGACIÓN
Centro catalogador/agencia de origen DO-SdBNP
Lengua de catalogación spa
Centro/agencia transcriptor BNPHU
082 ## - NÚMERO DE LA CLASIFICACIÓN DECIMAL DEWEY
Número de clasificación 321.4
Número de documento/Ítem B949d
100 1# - ENTRADA PRINCIPAL--NOMBRE DE PERSONA
Nombre de persona Burdeau, George
9 (RLIN) 60153
240 13 - TÍTULO UNIFORME
Título uniforme La democratie .
Lenguaje de la obra Español
245 13 - MENCIÓN DE TÍTULO
Título La democracia :
Resto del título ensayo sintético /
Mención de responsabilidad, etc. Georges Burdeau ; prólogo Manuel Jiménez de Parga.
260 ## - PUBLICACIÓN, DISTRIBUCIÓN, ETC.
Lugar de publicación, distribución, etc. Barcelona
-- Caracas :
Nombre del editor, distribuidor, etc. Ariel,
Fecha de publicación, distribución, etc. 1960.
300 ## - DESCRIPCIÓN FÍSICA
Extensión 152 p. ;
Dimensiones 20 cm.
490 0# - MENCIÓN DE SERIE
Mención de serie Publicaciones del Seminario de Derecho Político de la Universdad de Barcelona
490 0# - MENCIÓN DE SERIE
Mención de serie Demos - Colección de Ciencia Política
504 ## - NOTA DE BIBLIOGRAFÍA, ETC.
Nota de bibliografía, etc. Incluye referencias bibliográficas y notas al pie de las páginas
650 #0 - PUNTO DE ACCESO ADICIONAL DE MATERIA--TÉRMINO DE MATERIA
Término de materia o nombre geográfico como elemento de entrada Democracia
9 (RLIN) 286
700 12 - PUNTO DE ACCESO ADICIONAL--NOMBRE DE PERSONA
Nombre de persona Jiménez Parga, Manuel de,
Término indicativo de función/relación pról.
9 (RLIN) 60154
830 #0 - PUNTO DE ACCESO ADICIONAL DE SERIE-TÍTULO UNIFORME
Título uniforme Publicaciones del Seminario de Derecho Político de la Universdad de Barcelona
9 (RLIN) 60155
830 #0 - PUNTO DE ACCESO ADICIONAL DE SERIE-TÍTULO UNIFORME
Título uniforme Demos - Colección de ciencia política
9 (RLIN) 60156
910 ## - DATOS DE OPCIÓN DEL USUARIO (OCLC)
Datos de opción del usuario Validado. Control de calidad MFF
Existencias
Estado de retiro Estado de pérdida Restricciones de uso No para préstamo Código de colección Localización permanente Ubicación/localización actual Ubicación en estantería Fecha de adquisición Número de inventario Total de préstamos Signatura topográfica completa Código de barras Fecha visto por última vez Precio válido a partir de Tipo de ítem Koha Nota pública
      Excluido de préstamo Raros y valiosos General General Depósito 19.10.2011 LF1   321.4 B949d 34701-10 25.06.2020 25.06.2020 No se presta Perteneció a la biblioteca personal de German Emilio Ornes

Con tecnología Koha